[Event "DVM U16 2021"]
[Site "Kiel GER"]
[Date "2022.07.26"]
[Round "7"]
[White "Albert, Markus"]
[Black "Fedgenhäuer, Paul"]
[Result "1/2-1/2"]
[Termination "normal"]
[Board "9.1"]
[WhiteElo "2010"]
[BlackElo "1354"]
[WhiteClock "00:24:04"]
[BlackClock "00:47:41"]
[WhiteTeam "SC Ansbach 1855 e.V."]
[BlackTeam "SV Grün-Weiß Niederwiesa"]
[PlyCount "80"]
[WhiteFideId "16292626"]
[BlackFideId "34628347"]
[EventCountry "GER"]
[EventRounds "7"]
[EventType "team-swiss"]
[EventDate "2022.07.22"]

1. e4 {[%clk 01:30:59]} {[%emt 00:00:01]} e5 {[%clk 01:30:56]} {[%emt
00:00:04]} 2. f4 {[%clk 01:31:24]} {[%emt 00:00:04]} exf4 {[%clk 01:31:11]}
{[%emt 00:00:15]} 3. Bc4 {[%clk 01:31:42]} {[%emt 00:00:12]} Bc5 {[%clk
01:31:05]} {[%emt 00:00:36]} 4. d4 {[%clk 01:31:57]} {[%emt 00:00:16]} Bb6
{[%clk 01:31:06]} {[%emt 00:00:29]} 5. Nf3 {[%clk 01:31:47]} {[%emt 00:00:40]}
d6 {[%clk 01:30:41]} {[%emt 00:00:55]} 6. Bxf4 {[%clk 01:31:34]} {[%emt
00:00:42]} Bg4 {[%clk 01:29:31]} {[%emt 00:01:41]} 7. O-O {[%clk 01:31:43]}
{[%emt 00:00:20]} Nc6 {[%clk 01:28:35]} {[%emt 00:01:27]} 8. c3 {[%clk
01:31:38]} {[%emt 00:00:36]} Qd7 {[%clk 01:26:11]} {[%emt 00:02:53]} 9. Kh1
{[%clk 01:28:19]} {[%emt 00:03:48]} f6 {[%clk 01:24:57]} {[%emt 00:01:45]} 10.
Bb5 {[%clk 01:28:01]} {[%emt 00:00:48]} a6 {[%clk 01:25:02]} {[%emt 00:00:25]}
11. Ba4 {[%clk 01:28:15]} {[%emt 00:00:16]} d5 {[%clk 01:24:05]} {[%emt
00:01:27]} 12. exd5 {[%clk 01:26:26]} {[%emt 00:02:19]} Qxd5 {[%clk 01:24:12]}
{[%emt 00:00:22]} 13. Nbd2 {[%clk 01:23:58]} {[%emt 00:02:59]} O-O-O {[%clk
01:23:22]} {[%emt 00:01:20]} 14. h3 {[%clk 01:22:58]} {[%emt 00:01:30]} Bxf3
{[%clk 01:23:02]} {[%emt 00:00:50]} 15. Rxf3 {[%clk 01:22:37]} {[%emt
00:00:51]} g5 {[%clk 01:22:05]} {[%emt 00:01:26]} 16. Bb3 {[%clk 01:22:51]}
{[%emt 00:00:16]} Qd7 {[%clk 01:21:22]} {[%emt 00:01:12]} 17. Bh2 {[%clk
01:22:03]} {[%emt 00:01:19]} Kb8 {[%clk 01:21:05]} {[%emt 00:00:47]} 18. Qf1
{[%clk 01:20:17]} {[%emt 00:02:16]} g4 {[%clk 01:18:34]} {[%emt 00:03:01]} 19.
hxg4 {[%clk 01:17:28]} {[%emt 00:03:19]} Qxg4 {[%clk 01:17:35]} {[%emt
00:01:29]} 20. Rf4 {[%clk 01:17:35]} {[%emt 00:00:23]} Qg5 {[%clk 01:16:17]}
{[%emt 00:01:45]} 21. Ne4 {[%clk 01:17:37]} {[%emt 00:00:31]} Qg7 {[%clk
01:14:28]} {[%emt 00:02:18]} 22. Nxf6 {[%clk 01:16:46]} {[%emt 00:01:23]} Nxf6
{[%clk 01:14:02]} {[%emt 00:00:55]} 23. Rxf6 {[%clk 01:17:10]} {[%emt
00:00:05]} Qg5 {[%clk 01:13:33]} {[%emt 00:00:58]} 24. d5 {[%clk 01:17:03]}
{[%emt 00:00:39]} Na5 {[%clk 01:12:26]} {[%emt 00:01:38]} 25. Rxb6 {[%clk
01:17:19]} {[%emt 00:00:14]} Nxb3 {[%clk 01:12:23]} {[%emt 00:00:33]} 26. Qxa6
{[%clk 01:17:20]} {[%emt 00:00:28]} Nc5 {[%clk 01:11:09]} {[%emt 00:01:44]} 27.
Qc4 {[%clk 01:14:50]} {[%emt 00:02:59]} Rxd5 {[%clk 01:11:19]} {[%emt
00:00:21]} 28. b4 {[%clk 01:14:58]} {[%emt 00:00:22]} Rhd8 {[%clk 01:11:24]}
{[%emt 00:00:25]} 29. Rf1 {[%clk 01:14:56]} {[%emt 00:00:33]} Ka7 {[%clk
01:11:04]} {[%emt 00:00:51]} 30. bxc5 {[%clk 01:14:56]} {[%emt 00:00:28]} Rxc5
{[%clk 01:10:42]} {[%emt 00:00:51]} 31. Qa4+ {[%clk 01:12:15]} {[%emt
00:03:12]} Ra5 {[%clk 01:11:00]} {[%emt 00:00:12]} 32. Rxb7+ {[%clk 01:06:38]}
{[%emt 00:06:07]} Kxb7 {[%clk 01:10:58]} {[%emt 00:00:33]} 33. Rb1+ {[%clk
01:06:50]} {[%emt 00:00:18]} Kc8 {[%clk 01:10:08]} {[%emt 00:01:20]} 34. Qc6
{[%clk 01:06:41]} {[%emt 00:00:37]} Rd7 {[%clk 01:03:07]} {[%emt 00:07:32]} 35.
Qb7+ {[%clk 01:06:33]} {[%emt 00:00:38]} Kd8 {[%clk 01:03:28]} {[%emt
00:00:09]} 36. Qb8+ {[%clk 01:06:54]} {[%emt 00:00:10]} Ke7 {[%clk 01:03:32]}
{[%emt 00:00:25]} 37. Re1+ {[%clk 01:07:12]} {[%emt 00:00:12]} Kf6 {[%clk
01:02:45]} {[%emt 00:01:17]} 38. Qe8 {[%clk 00:54:16]} {[%emt 00:13:26]} Rf7
{[%clk 00:53:40]} {[%emt 00:09:35]} 39. Qe6+ {[%clk 00:26:13]} {[%emt
00:28:33]} Kg7 {[%clk 00:53:37]} {[%emt 00:00:34]} 40. Be5+ {[%clk 00:24:04]}
{[%emt 00:02:39]} Kg8 {[%clk 00:47:41]} {[%emt 00:06:24]} 1/2-1/2

[Event "DVM U16 2021"]
[Site "Kiel GER"]
[Date "2022.07.26"]
[Round "7"]
[White "Müller, Yannik"]
[Black "Stark, Raphael"]
[Result "0-1"]
[Termination "normal"]
[Board "9.2"]
[WhiteElo "1323"]
[BlackElo "1667"]
[WhiteClock "00:06:41"]
[BlackClock "00:47:13"]
[WhiteTeam "SV Grün-Weiß Niederwiesa"]
[BlackTeam "SC Ansbach 1855 e.V."]
[PlyCount "82"]
[WhiteFideId "16294750"]
[BlackFideId "16230043"]
[EventCountry "GER"]
[EventRounds "7"]
[EventType "team-swiss"]
[EventDate "2022.07.22"]

1. d4 {[%clk 01:30:59]} {[%emt 00:00:01]} c5 {[%clk 01:30:51]} {[%emt
00:00:10]} 2. Nf3 {[%clk 01:31:07]} {[%emt 00:00:23]} g6 {[%clk 01:30:34]}
{[%emt 00:00:46]} 3. Bf4 {[%clk 01:30:37]} {[%emt 00:00:59]} Bg7 {[%clk
01:29:51]} {[%emt 00:01:13]} 4. e3 {[%clk 01:30:46]} {[%emt 00:00:21]} Nc6
{[%clk 01:29:10]} {[%emt 00:01:11]} 5. Be2 {[%clk 01:26:59]} {[%emt 00:04:18]}
Qb6 {[%clk 01:28:09]} {[%emt 00:01:30]} 6. c3 {[%clk 01:21:23]} {[%emt
00:06:06]} Qxb2 {[%clk 01:27:17]} {[%emt 00:01:22]} 7. Nbd2 {[%clk 01:09:04]}
{[%emt 00:12:49]} Qxc3 {[%clk 01:26:40]} {[%emt 00:01:06]} 8. Rc1 {[%clk
01:07:39]} {[%emt 00:01:56]} Qb4 {[%clk 01:24:10]} {[%emt 00:03:01]} 9. Rxc5
{[%clk 01:04:10]} {[%emt 00:03:59]} Qb6 {[%clk 01:21:08]} {[%emt 00:03:31]} 10.
O-O {[%clk 00:59:03]} {[%emt 00:05:37]} d6 {[%clk 01:20:14]} {[%emt 00:01:24]}
11. Rb5 {[%clk 00:55:07]} {[%emt 00:04:25]} Qd8 {[%clk 01:19:45]} {[%emt
00:00:59]} 12. Qb3 {[%clk 00:53:08]} {[%emt 00:02:29]} Nf6 {[%clk 01:08:15]}
{[%emt 00:12:01]} 13. Bg5 {[%clk 00:46:29]} {[%emt 00:07:09]} a6 {[%clk
01:05:58]} {[%emt 00:02:47]} 14. Bxf6 {[%clk 00:44:15]} {[%emt 00:02:44]} Bxf6
{[%clk 01:04:48]} {[%emt 00:01:40]} 15. Rb6 {[%clk 00:44:23]} {[%emt 00:00:21]}
Be6 {[%clk 01:03:07]} {[%emt 00:02:11]} 16. Qb2 {[%clk 00:39:09]} {[%emt
00:05:45]} Bc8 {[%clk 01:01:01]} {[%emt 00:02:34]} 17. Rc1 {[%clk 00:36:39]}
{[%emt 00:03:01]} O-O {[%clk 01:00:30]} {[%emt 00:01:01]} 18. Ne4 {[%clk
00:35:28]} {[%emt 00:01:42]} Bg7 {[%clk 00:59:12]} {[%emt 00:01:48]} 19. h3
{[%clk 00:31:11]} {[%emt 00:04:47]} Kh8 {[%clk 00:56:13]} {[%emt 00:03:29]} 20.
Bxa6 {[%clk 00:24:44]} {[%emt 00:06:57]} Nxd4 {[%clk 00:51:56]} {[%emt
00:04:48]} 21. Nxd4 {[%clk 00:22:27]} {[%emt 00:02:46]} Rxa6 {[%clk 00:50:34]}
{[%emt 00:01:51]} 22. Rxa6 {[%clk 00:20:35]} {[%emt 00:02:22]} bxa6 {[%clk
00:50:53]} {[%emt 00:00:12]} 23. Qd2 {[%clk 00:18:31]} {[%emt 00:02:34]} Qb6
{[%clk 00:48:19]} {[%emt 00:03:01]} 24. Nc6 {[%clk 00:15:45]} {[%emt 00:03:19]}
Bb7 {[%clk 00:47:26]} {[%emt 00:01:23]} 25. Qc2 {[%clk 00:13:13]} {[%emt
00:03:02]} Rc8 {[%clk 00:45:12]} {[%emt 00:02:44]} 26. Qb3 {[%clk 00:10:11]}
{[%emt 00:03:32]} Qxb3 {[%clk 00:44:58]} {[%emt 00:00:44]} 27. axb3 {[%clk
00:10:38]} {[%emt 00:00:03]} Rxc6 {[%clk 00:45:10]} {[%emt 00:00:17]} 28. Rb1
{[%clk 00:09:20]} {[%emt 00:01:48]} Rc2 {[%clk 00:44:35]} {[%emt 00:01:04]} 29.
Ng3 {[%clk 00:09:20]} {[%emt 00:00:32]} Bb2 {[%clk 00:44:57]} {[%emt 00:00:08]}
30. Kh2 {[%clk 00:09:24]} {[%emt 00:00:26]} Rxf2 {[%clk 00:45:17]} {[%emt
00:00:10]} 31. Rg1 {[%clk 00:08:31]} {[%emt 00:01:22]} Be5 {[%clk 00:45:24]}
{[%emt 00:00:23]} 32. h4 {[%clk 00:08:04]} {[%emt 00:00:58]} f6 {[%clk
00:45:15]} {[%emt 00:00:38]} 33. b4 {[%clk 00:08:00]} {[%emt 00:00:34]} g5
{[%clk 00:45:17]} {[%emt 00:00:29]} 34. h5 {[%clk 00:07:20]} {[%emt 00:01:10]}
g4 {[%clk 00:45:37]} {[%emt 00:00:10]} 35. h6 {[%clk 00:07:25]} {[%emt
00:00:26]} Kg8 {[%clk 00:46:00]} {[%emt 00:00:06]} 36. e4 {[%clk 00:06:07]}
{[%emt 00:01:48]} Kf7 {[%clk 00:46:17]} {[%emt 00:00:12]} 37. b5 {[%clk
00:06:08]} {[%emt 00:00:30]} axb5 {[%clk 00:46:33]} {[%emt 00:00:14]} 38. Kh1
{[%clk 00:06:26]} {[%emt 00:00:12]} Bxg3 {[%clk 00:46:48]} {[%emt 00:00:15]}
39. e5 {[%clk 00:06:46]} {[%emt 00:00:11]} Bxe5 {[%clk 00:46:51]} {[%emt
00:00:26]} 40. Rb1 {[%clk 00:06:45]} {[%emt 00:00:31]} Rxg2 {[%clk 00:46:55]}
{[%emt 00:00:25]} 41. Rg1 {[%clk 00:06:41]} {[%emt 00:00:34]} Rh2# {[%clk
00:47:13]} {[%emt 00:00:12]} 0-1

[Event "DVM U16 2021"]
[Site "Kiel GER"]
[Date "2022.07.26"]
[Round "7"]
[White "Troßmann, Max"]
[Black "Leuthier, Richard"]
[Result "1-0"]
[Termination "normal"]
[Board "9.3"]
[WhiteElo "1785"]
[BlackElo "1145"]
[WhiteClock "01:19:02"]
[BlackClock "01:12:23"]
[WhiteTeam "SC Ansbach 1855 e.V."]
[BlackTeam "SV Grün-Weiß Niederwiesa"]
[PlyCount "69"]
[WhiteFideId "16292634"]
[BlackFideId "34628363"]
[EventCountry "GER"]
[EventRounds "7"]
[EventType "team-swiss"]
[EventDate "2022.07.22"]

1. e4 {[%clk 01:30:58]} {[%emt 00:00:02]} c5 {[%clk 01:30:52]} {[%emt
00:00:09]} 2. b4 {[%clk 01:31:21]} {[%emt 00:00:06]} d6 {[%clk 01:31:13]}
{[%emt 00:00:09]} 3. bxc5 {[%clk 01:31:19]} {[%emt 00:00:33]} dxc5 {[%clk
01:31:36]} {[%emt 00:00:07]} 4. Nf3 {[%clk 01:31:12]} {[%emt 00:00:37]} Nc6
{[%clk 01:31:45]} {[%emt 00:00:21]} 5. c3 {[%clk 01:31:32]} {[%emt 00:00:10]}
e5 {[%clk 01:31:55]} {[%emt 00:00:20]} 6. Bc4 {[%clk 01:30:46]} {[%emt
00:01:16]} Nf6 {[%clk 01:31:17]} {[%emt 00:01:08]} 7. Ng5 {[%clk 01:29:02]}
{[%emt 00:02:14]} Be6 {[%clk 01:29:41]} {[%emt 00:02:06]} 8. Bxe6 {[%clk
01:28:29]} {[%emt 00:01:02]} fxe6 {[%clk 01:29:56]} {[%emt 00:00:16]} 9. Nxe6
{[%emt 00:00:28]} Qe7 {[%emt 00:00:21]} 10. Nxf8 {[%clk 01:27:59]} {[%emt
00:00:11]} Qxf8 {[%clk 01:30:00]} {[%emt 00:00:25]} 11. Qa4 {[%clk 01:26:37]}
{[%emt 00:01:53]} Qd6 {[%clk 01:28:56]} {[%emt 00:01:33]} 12. O-O {[%clk
01:26:11]} {[%emt 00:00:57]} O-O {[%clk 01:29:14]} {[%emt 00:00:12]} 13. Ba3
{[%clk 01:26:26]} {[%emt 00:00:15]} b6 {[%clk 01:27:19]} {[%emt 00:02:25]} 14.
f3 {[%clk 01:24:36]} {[%emt 00:02:20]} Na5 {[%clk 01:23:58]} {[%emt 00:03:51]}
15. d4 {[%clk 01:18:34]} {[%emt 00:06:31]} exd4 {[%clk 01:19:58]} {[%emt
00:04:31]} 16. cxd4 {[%clk 01:18:39]} {[%emt 00:00:25]} Nd7 {[%clk 01:19:45]}
{[%emt 00:00:43]} 17. d5 {[%clk 01:17:43]} {[%emt 00:01:26]} Rfe8 {[%clk
01:16:58]} {[%emt 00:03:17]} 18. Nc3 {[%clk 01:17:33]} {[%emt 00:00:38]} a6
{[%clk 01:14:33]} {[%emt 00:02:56]} 19. Rab1 {[%clk 01:17:02]} {[%emt
00:01:02]} Nb7 {[%clk 01:13:11]} {[%emt 00:01:53]} 20. Qc6 {[%clk 01:16:08]}
{[%emt 00:01:23]} Qe5 {[%clk 01:10:30]} {[%emt 00:03:11]} 21. Bb2 {[%clk
01:15:43]} {[%emt 00:00:55]} Red8 {[%clk 01:10:09]} {[%emt 00:00:50]} 22. Qxb7
{[%clk 01:15:39]} {[%emt 00:00:34]} Qd6 {[%clk 01:09:58]} {[%emt 00:00:42]} 23.
Qc6 {[%clk 01:15:55]} {[%emt 00:00:13]} Qxc6 {[%clk 01:09:53]} {[%emt
00:00:35]} 24. dxc6 {[%clk 01:16:18]} {[%emt 00:00:08]} Ne5 {[%clk 01:10:11]}
{[%emt 00:00:12]} 25. c7 {[%clk 01:16:26]} {[%emt 00:00:21]} Rdc8 {[%clk
01:10:29]} {[%emt 00:00:13]} 26. Nd5 {[%clk 01:16:50]} {[%emt 00:00:06]} Nd7
{[%clk 01:10:30]} {[%emt 00:00:28]} 27. Ne7+ {[%clk 01:17:03]} {[%emt
00:00:17]} Kf8 {[%clk 01:10:50]} {[%emt 00:00:10]} 28. Nxc8 {[%clk 01:17:27]}
{[%emt 00:00:06]} Rxc8 {[%clk 01:11:14]} {[%emt 00:00:07]} 29. e5 {[%clk
01:17:46]} {[%emt 00:00:11]} Rxc7 {[%clk 01:11:28]} {[%emt 00:00:16]} 30. e6
{[%clk 01:18:04]} {[%emt 00:00:12]} Nf6 {[%clk 01:11:49]} {[%emt 00:00:09]} 31.
Bxf6 {[%clk 01:18:29]} {[%emt 00:00:05]} gxf6 {[%clk 01:12:10]} {[%emt
00:00:09]} 32. Rxb6 {[%clk 01:18:51]} {[%emt 00:00:08]} Ra7 {[%clk 01:12:17]}
{[%emt 00:00:23]} 33. Rd1 {[%clk 01:18:44]} {[%emt 00:00:37]} Ke7 {[%clk
01:12:09]} {[%emt 00:00:38]} 34. Rd7+ {[%clk 01:18:39]} {[%emt 00:00:36]} Rxd7
{[%clk 01:12:23]} {[%emt 00:00:15]} 35. exd7 {[%clk 01:19:02]} {[%emt
00:00:06]} 1-0

[Event "DVM U16 2021"]
[Site "Kiel GER"]
[Date "2022.07.26"]
[Round "7"]
[White "Haubold, Henry"]
[Black "Stark, Amalia"]
[Result "0-1"]
[Termination "normal"]
[Board "9.4"]
[WhiteElo "963"]
[BlackElo "1365"]
[WhiteClock "01:10:15"]
[BlackClock "01:20:28"]
[WhiteTeam "SV Grün-Weiß Niederwiesa"]
[BlackTeam "SC Ansbach 1855 e.V."]
[PlyCount "48"]
[WhiteFideId "34628355"]
[BlackFideId "16230132"]
[EventCountry "GER"]
[EventRounds "7"]
[EventType "team-swiss"]
[EventDate "2022.07.22"]

1. c4 {[%clk 01:30:57]} {[%emt 00:00:02]} Nf6 {[%clk 01:30:54]} {[%emt
00:00:08]} 2. Nc3 {[%clk 01:31:18]} {[%emt 00:00:09]} g6 {[%clk 01:31:06]}
{[%emt 00:00:19]} 3. Nf3 {[%clk 01:31:19]} {[%emt 00:00:29]} Bg7 {[%clk
01:29:01]} {[%emt 00:02:34]} 4. d3 {[%clk 01:31:41]} {[%emt 00:00:08]} d6
{[%clk 01:29:21]} {[%emt 00:00:10]} 5. g3 {[%clk 01:30:49]} {[%emt 00:01:22]}
Nc6 {[%clk 01:28:40]} {[%emt 00:01:11]} 6. Bg2 {[%clk 01:30:29]} {[%emt
00:00:51]} Bg4 {[%clk 01:28:24]} {[%emt 00:00:46]} 7. Qc2 {[%clk 01:28:19]}
{[%emt 00:02:39]} e5 {[%clk 01:27:19]} {[%emt 00:01:35]} 8. O-O {[%clk
01:27:31]} {[%emt 00:01:18]} Qd7 {[%clk 01:27:17]} {[%emt 00:00:33]} 9. Rd1
{[%clk 01:24:52]} {[%emt 00:03:09]} h5 {[%clk 01:26:32]} {[%emt 00:01:14]} 10.
Bg5 {[%clk 01:23:54]} {[%emt 00:01:27]} Nh7 {[%clk 01:26:26]} {[%emt 00:00:37]}
11. Ne4 {[%clk 01:22:05]} {[%emt 00:02:19]} f5 {[%clk 01:26:26]} {[%emt
00:00:30]} 12. Ned2 {[%clk 01:20:46]} {[%emt 00:01:49]} Nxg5 {[%clk 01:26:17]}
{[%emt 00:00:40]} 13. Nxg5 {[%clk 01:21:02]} {[%emt 00:00:13]} Bf6 {[%clk
01:25:47]} {[%emt 00:01:00]} 14. Ngf3 {[%clk 01:20:02]} {[%emt 00:01:30]} h4
{[%clk 01:25:27]} {[%emt 00:00:50]} 15. e3 {[%clk 01:18:19]} {[%emt 00:02:13]}
hxg3 {[%clk 01:25:08]} {[%emt 00:00:49]} 16. fxg3 {[%clk 01:18:38]} {[%emt
00:00:11]} O-O-O {[%clk 01:23:23]} {[%emt 00:02:15]} 17. Rf1 {[%clk 01:18:11]}
{[%emt 00:00:57]} f4 {[%clk 01:20:31]} {[%emt 00:03:22]} 18. exf4 {[%clk
01:16:44]} {[%emt 00:01:56]} exf4 {[%clk 01:20:53]} {[%emt 00:00:08]} 19. Ne4
{[%clk 01:16:35]} {[%emt 00:00:40]} Bd4+ {[%clk 01:20:54]} {[%emt 00:00:29]}
20. Nxd4 {[%clk 01:15:27]} {[%emt 00:01:38]} Nxd4 {[%clk 01:21:15]} {[%emt
00:00:09]} 21. Qf2 {[%clk 01:13:03]} {[%emt 00:02:54]} Ne2+ {[%clk 01:19:45]}
{[%emt 00:02:00]} 22. Kh1 {[%clk 01:12:40]} {[%emt 00:00:53]} Qh7 {[%clk
01:19:45]} {[%emt 00:00:30]} 23. Bf3 {[%clk 01:10:15]} {[%emt 00:02:55]} Bxf3+
{[%clk 01:20:03]} {[%emt 00:00:12]} 24. Qxf3 {[%clk 01:10:15]} {[%emt
00:00:29]} Qxh2# {[%clk 01:20:28]} {[%emt 00:00:05]} 0-1

[Event "DVM U16 2021"]
[Site "Kiel GER"]
[Date "2022.07.26"]
[Round "7"]
[White "Schreidl, Michael"]
[Black "Hahn, Peter"]
[Result "0-1"]
[Termination "normal"]
[Board "10.1"]
[WhiteElo "1616"]
[BlackElo "1670"]
[WhiteClock "00:00:42"]
[BlackClock "01:24:34"]
[WhiteTeam "SK Frankenthal"]
[BlackTeam "SK Kelheim 1920"]
[PlyCount "58"]
[WhiteFideId "16265750"]
[BlackFideId "34627316"]
[EventCountry "GER"]
[EventRounds "7"]
[EventType "team-swiss"]
[EventDate "2022.07.22"]

1. e4 {[%clk 01:30:59]} c6 {[%clk 01:30:54]} {[%emt 00:00:06]} 2. Nf3 {[%clk
01:31:24]} {[%emt 00:00:05]} d5 {[%clk 01:31:18]} {[%emt 00:00:06]} 3. Nc3
{[%clk 01:31:50]} {[%emt 00:00:04]} dxe4 {[%clk 01:31:39]} {[%emt 00:00:08]} 4.
Nxe4 {[%clk 01:32:15]} {[%emt 00:00:05]} Nf6 {[%clk 01:31:50]} {[%emt
00:00:20]} 5. Nxf6+ {[%clk 01:32:28]} {[%emt 00:00:17]} exf6 {[%clk 01:32:16]}
{[%emt 00:00:04]} 6. d4 {[%clk 01:32:09]} {[%emt 00:00:49]} Bd6 {[%clk
01:32:41]} {[%emt 00:00:05]} 7. Bd3 {[%clk 01:30:14]} {[%emt 00:02:25]} O-O
{[%clk 01:32:52]} {[%emt 00:00:19]} 8. Be3 {[%clk 01:26:30]} {[%emt 00:04:13]}
Na6 {[%clk 01:31:26]} {[%emt 00:01:56]} 9. c3 {[%clk 01:24:33]} {[%emt
00:02:28]} Nc7 {[%clk 01:29:50]} {[%emt 00:02:06]} 10. Qc2 {[%clk 01:23:05]}
{[%emt 00:01:58]} g6 {[%clk 01:30:03]} {[%emt 00:00:18]} 11. O-O-O {[%clk
01:20:37]} {[%emt 00:02:57]} b5 {[%clk 01:29:11]} {[%emt 00:01:22]} 12. Bh6
{[%clk 01:11:25]} {[%emt 00:09:41]} Re8 {[%clk 01:28:42]} {[%emt 00:01:00]} 13.
h4 {[%clk 01:10:19]} {[%emt 00:01:36]} Bg4 {[%clk 01:28:56]} {[%emt 00:00:16]}
14. Rdg1 {[%clk 01:07:10]} {[%emt 00:03:37]} c5 {[%clk 01:28:07]} {[%emt
00:01:20]} 15. Be4 {[%clk 00:56:37]} {[%emt 00:11:03]} Rc8 {[%clk 01:27:18]}
{[%emt 00:01:18]} 16. Bb7 {[%clk 00:38:47]} {[%emt 00:18:21]} Rb8 {[%clk
01:26:57]} {[%emt 00:00:52]} 17. Bc6 {[%clk 00:38:11]} {[%emt 00:01:06]} Re7
{[%clk 01:26:53]} {[%emt 00:00:34]} 18. Rd1 {[%clk 00:32:42]} {[%emt 00:05:59]}
c4 {[%clk 01:26:47]} {[%emt 00:00:36]} 19. Rde1 {[%clk 00:19:52]} {[%emt
00:13:19]} b4 {[%clk 01:26:08]} {[%emt 00:01:10]} 20. Rxe7 {[%clk 00:16:35]}
{[%emt 00:03:47]} Bxe7 {[%clk 01:26:32]} {[%emt 00:00:06]} 21. cxb4 {[%clk
00:06:20]} {[%emt 00:10:45]} Bxb4 {[%clk 01:26:28]} {[%emt 00:00:35]} 22. Bf4
{[%clk 00:04:28]} {[%emt 00:02:21]} c3 {[%clk 01:26:31]} {[%emt 00:00:27]} 23.
b3 {[%clk 00:03:35]} {[%emt 00:01:24]} Rb6 {[%clk 01:25:04]} {[%emt 00:01:56]}
24. Be4 {[%clk 00:02:47]} {[%emt 00:01:18]} Nd5 {[%clk 01:25:15]} {[%emt
00:00:19]} 25. Bxd5 {[%clk 00:02:22]} {[%emt 00:00:55]} Qxd5 {[%clk 01:25:31]}
{[%emt 00:00:14]} 26. Ne1 {[%clk 00:00:45]} {[%emt 00:02:04]} Qxd4 {[%clk
01:25:01]} {[%emt 00:01:05]} 27. Nd3 {[%clk 00:00:44]} {[%emt 00:00:30]} Ba3+
{[%clk 01:24:03]} {[%emt 00:01:27]} 28. Kb1 {[%clk 00:01:10]} {[%emt 00:00:04]}
Bf5 {[%clk 01:24:17]} {[%emt 00:00:16]} 29. Be3 {[%clk 00:00:42]} {[%emt
00:00:59]} Qxd3 {[%clk 01:24:34]} {[%emt 00:00:13]} 0-1